[Event "Budapest"]
[Site "Budapest"]
[Date "1982.??.??"]
[Round "1"]
[White "Adorjan, Andras"]
[Black "Yudasin, Leonid"]
[Result "1-0"]
[WhiteElo "2515"]
[BlackElo "2405"]

1.c4 Nf6 2.Nc3 e6 3.e4 c5 4.e5 Ng8 5.Nf3 Nc6 6.d4 cxd4 7.Nxd4 Nxe5 8.Ndb5 f6
9.Bf4 a6 10.Nd6+ Bxd6 11.Qxd6 Nf7 12.Qa3 b6 13.Be2 Bb7 14.O-O Ne7 15.Rfd1 Bc6
16.Na4 O-O 17.Qb3 e5 18.Be3 b5 19.Nb6 Rb8 20.c5 Qc7 21.Bg4 Rbd8 22.Rd2 Kh8
23.Qc2 g6 24.Bh3 d5 25.cxd6 Rxd6 26.Rxd6 Nxd6 27.Nd7 Rd8 28.Bb6 Rxd7 29.Bxc7 Rxc7
30.Rd1 Ndf5 31.Qc5 Kg7 32.Bxf5 gxf5 33.Qb6 Rb7 34.Qxa6 Kf7 35.Rd6 Rc7 36.Qb6 Rb7
37.Rxc6  1-0

[Event "Budapest"]
[Site "Budapest"]
[Date "1982.??.??"]
[Round "2"]
[White "Yudasin, Leonid"]
[Black "Glatt, Gabor"]
[Result "1-0"]
[WhiteElo "2405"]
[BlackElo "2375"]

1.e4 e5 2.Nf3 d6 3.Bc4 Nd7 4.O-O Be7 5.Re1 Ngf6 6.c3 O-O 7.d4 c6 8.Bd3 Qc7
9.Nbd2 Re8 10.Nf1 Nf8 11.Ng3 Bg4 12.h3 Bxf3 13.Qxf3 Ne6 14.Nf5 Bf8 15.Be3 Kh8
16.Rad1 Ng8 17.Bc2 g6 18.Ng3 Rad8 19.Bb3 Rd7 20.d5 Nc5 21.Bxc5 dxc5 22.dxc6 bxc6
23.Rxd7 Qxd7 24.Rd1 Qe7 25.Bxf7 Rd8 26.Bb3 Nf6 27.Rxd8 Qxd8 28.Qe2 h5 29.Nf1 h4
30.Nd2 c4 31.Nxc4 Qe7 32.Nd2 Bh6 33.Nf3 Qc5 34.Nxh4 Kg7 35.g3 Bc1 36.Kg2 a5
37.Nf3 Qb5 38.Qc2 Bxb2 39.Qxb2 a4 40.c4 Qb4 41.Qxe5 axb3 42.axb3  1-0

[Event "Budapest"]
[Site "Budapest"]
[Date "1982.??.??"]
[Round "6"]
[White "Yudasin, Leonid"]
[Black "Petran, Pal"]
[Result "1/2-1/2"]
[WhiteElo "2405"]
[BlackElo "2410"]

1.e4 e5 2.Nf3 Nc6 3.Bb5 a6 4.Ba4 Nf6 5.O-O Nxe4 6.d4 b5 7.Bb3 d5 8.dxe5 Be6
9.c3 Be7 10.Nbd2 Nc5 11.Bc2 Bg4 12.Re1 Qd7 13.Nf1 Rd8 14.Ne3 Bh5 15.Nf5 O-O
16.b4 Ne4 17.Bxe4  1/2-1/2

[Event "Budapest"]
[Site "Budapest"]
[Date "1982.??.??"]
[Round "7"]
[White "Rajna, George"]
[Black "Yudasin, Leonid"]
[Result "1/2-1/2"]
[WhiteElo "2390"]
[BlackElo "2405"]

1.e4 e5 2.Nf3 Nc6 3.Bb5 f5 4.d3 fxe4 5.dxe4 Nf6 6.Bg5 Bc5 7.Nc3 d6 8.Bxf6 Qxf6
9.Nd5 Qd8 10.b4 Bb6 11.a4 a6 12.Nxb6 cxb6 13.Bc4 Nxb4 14.Qd2 Nc6 15.Ng5 Qc7
16.Nf7 Nd4 17.c3 O-O 18.Nh6+ Kh8 19.Nf7+ Rxf7 20.Bxf7 Nf3+ 21.gxf3 Qxf7 22.Qxd6 Bh3
23.Rg1 Qxf3 24.Qxe5 Bg4 25.Rxg4 Qxg4 26.Rd1 Rf8 27.Qf5 Qxf5  1/2-1/2

[Event "Budapest"]
[Site "Budapest"]
[Date "1982.??.??"]
[Round "8"]
[White "Frey, Kenneth"]
[Black "Yudasin, Leonid"]
[Result "0-1"]
[WhiteElo "2480"]
[BlackElo "2405"]

1.Nf3 Nf6 2.c4 e6 3.d4 b6 4.e3 Bb7 5.Bd3 c5 6.O-O cxd4 7.exd4 Be7 8.Nc3 d5
9.cxd5 Nxd5 10.Bb5+ Bc6 11.Qa4 Qd7 12.Nxd5 Qxd5 13.Bxc6+ Nxc6 14.Be3 O-O
15.Rfc1 b5 16.Qa6 Nb4 17.Qa5 Bd6 18.Rc3 Rfb8 19.Ne5 f6 20.Nd7 Rb7 21.Nc5 Nc6
22.Qa3 b4 23.Qa4 bxc3 24.Nxb7 Rb8 25.Nc5 cxb2 26.Rb1 Bxc5 27.dxc5 Qd3  0-1

[Event "Budapest"]
[Site "Budapest"]
[Date "1982.??.??"]
[Round "9"]
[White "Yudasin, Leonid"]
[Black "Burger, Karl"]
[Result "1-0"]
[WhiteElo "2405"]
[BlackElo "2420"]

1.e4 c6 2.d4 d5 3.exd5 cxd5 4.Bd3 Nc6 5.c3 Nf6 6.Bf4 Bg4 7.Qb3 Qc8 8.Nd2 e6
9.Ngf3 Be7 10.O-O O-O 11.Qc2 Bxf3 12.Nxf3 g6 13.Rfe1 Nh5 14.Bh6 Re8 15.Qd2 Qc7
16.Rac1 Bd6 17.g3 a6 18.Qg5 b5 19.Qh4 Rac8 20.Ng5 Qd8 21.Re3 Rc7 22.Rce1 Bf8
23.Bxf8 Rxf8 24.g4 h6 25.gxh5 Qxg5+ 26.Qxg5 hxg5 27.hxg6 Nd8 28.gxf7+ Rcxf7
29.Rg3 Rg7 30.Re5 g4 31.Rh5 Rf4 32.Rh4 Nc6 33.h3 e5 34.Rh6 gxh3 35.Rxc6 h2+
36.Kh1 Rxg3 37.fxg3 Rf3 38.Bg6 e4 39.Kxh2  1-0

[Event "Budapest"]
[Site "Budapest"]
[Date "1982.??.??"]
[Round "11"]
[White "Yudasin, Leonid"]
[Black "Szekely, Peter"]
[Result "1/2-1/2"]
[WhiteElo "2405"]
[BlackElo "2430"]

1.e4 c5 2.Nf3 d6 3.d4 cxd4 4.Nxd4 Nf6 5.Nc3 a6 6.Be3 e5 7.Nb3 Be6 8.Qd2 Nbd7
9.f3 Qc7 10.g4 Be7 11.O-O-O h6 12.h4 Nb6 13.Kb1 O-O-O 14.Qf2 Nfd7 15.Nd5 Bxd5
16.exd5 Kb8 17.c4 Na4 18.Qc2 Rc8 19.Nd2 Nab6 20.Qf5 Rhf8 21.Be2 Qd8 22.g5 g6
23.Qg4 hxg5 24.hxg5 Na4 25.Rc1 Nac5 26.Qg1 a5 27.b3 Qb6 28.a3 Rh8 29.Rh6 Rxh6
30.gxh6 Rh8 31.Qg2 Nf6 32.Rh1 Nh5 33.Rxh5 gxh5 34.Qg7 Qd8 35.Bxc5 Bf6 36.Qxf7 dxc5
37.Ne4 Rxh6 38.d6 Bh4 39.Nxc5 Qc8 40.Ne4 Bd8 41.Qg7 Re6 42.c5 h4 43.Bc4 h3
44.Qh7 Rf6 45.Nxf6 Bxf6 46.Bd5 h2 47.b4 e4 48.Bxe4 axb4 49.axb4 h1=Q+ 50.Qxh1 Qe6
51.Qd1 Qc4 52.Qd5 Qxb4+ 53.Kc2 Qc3+ 54.Kd1 Qd4+ 55.Ke2 Qxd5 56.Bxd5 Bd4 57.d7 Kc7
58.Bxb7 Bxc5 59.Bc8 Kd8 60.Kd3 Ke7 61.Ke4 Bb6 62.Kd5 Bc7 63.Kc6 Bf4  1/2-1/2

[Event "URS-ch sf"]
[Site "Ivano Frankovsk"]
[Date "1982.??.??"]
[Round "?"]
[White "Makarichev, Sergey"]
[Black "Yudasin, Leonid"]
[Result "1/2-1/2"]
[WhiteElo "2505"]
[BlackElo "2405"]

1.c4 Nf6 2.Nc3 e6 3.d4 Bb4 4.g3 c5 5.Nf3 cxd4 6.Nxd4 O-O 7.Bg2 d5 8.cxd5 Nxd5
9.Bd2 Bxc3 10.bxc3 Nb6 11.O-O e5 12.Nb5 Nc4 13.Bc1 Nc6 14.Bd5 N6a5 15.Qd3 a6
16.Na3 Bf5  1/2-1/2

[Event "URS-ch sf"]
[Site "Ivano Frankovsk"]
[Date "1982.??.??"]
[Round "?"]
[White "Petrosian, Arshak B"]
[Black "Yudasin, Leonid"]
[Result "1-0"]
[WhiteElo "2485"]
[BlackElo "2405"]

1.Nf3 Nf6 2.c4 e6 3.g3 d5 4.Bg2 Be7 5.O-O O-O 6.d4 dxc4 7.Na3 Bxa3 8.bxa3 Nc6
9.Bb2 Rb8 10.Qc2 b5 11.Rad1 Rb6 12.Rfe1 Re8 13.e4 Bb7 14.Qc3 Qa8 15.Qc2 Ne7
16.Ne5 Ra6 17.h4 Ng6 18.h5 Nxh5 19.Nd7 Rd6 20.Nc5 e5 21.a4 a6 22.axb5 axb5
23.a4 bxa4 24.Qxc4 Nf6 25.Rb1 Rb6 26.Nxa4 Rc6 27.Nc5 Nd7 28.Ra1 Qc8 29.Bh3 Qd8
30.Nxb7 Rxc4 31.Nxd8 Nf6 32.dxe5 Nxe5 33.Bxe5 Rxe5 34.Ra8 Re8 35.e5 h5 36.e6 Kh7
37.exf7 Rf8 38.Rea1 Ne4 39.Bf5+ Kh6 40.Bxe4 Rxe4  1-0

[Event "Minsk"]
[Site "Minsk"]
[Date "1982.??.??"]
[Round "?"]
[White "Psakhis, Lev"]
[Black "Yudasin, Leonid"]
[Result "0-1"]
[WhiteElo "2545"]
[BlackElo "2405"]

1.d4 Nf6 2.c4 e6 3.Nf3 b6 4.g3 Ba6 5.Nbd2 Bb7 6.Bg2 Be7 7.O-O O-O 8.Qc2 d5
9.cxd5 exd5 10.Ne5 c5 11.Ndf3 Nbd7 12.Bf4 Ne4 13.Rfd1 Ndf6 14.dxc5 Bxc5 15.Nd3 Qe7
16.Ng5 Bd6 17.Bxd6 Qxd6 18.Nf3 Rac8 19.Qb3 Ba6 20.Nd4 Ng4 21.h3 Bc4 22.Qb4 Qf6
23.hxg4 Qxd4 24.e3 Qf6 25.Qe1 Bxd3 26.Rxd3 Rc2 27.Rxd5 Nxf2 28.Rc1 Rxc1 29.Qxc1 Nxg4
30.Qd2 a6 31.e4 h5 32.Qd4 Qc6 33.Qc3 Qc8  0-1

[Event "Minsk"]
[Site "Minsk"]
[Date "1982.??.??"]
[Round "?"]
[White "Kuzmin, Gennadi P"]
[Black "Yudasin, Leonid"]
[Result "0-1"]
[WhiteElo "2545"]
[BlackElo "2405"]

1.e4 c5 2.Nf3 Nc6 3.d4 cxd4 4.Nxd4 Nf6 5.Nc3 d6 6.Bg5 e6 7.Qd2 Be7 8.O-O-O O-O
9.Qe1 a6 10.f4 Bd7 11.Nf3 Rc8 12.e5 dxe5 13.fxe5 Nd5 14.Bxe7 Qxe7 15.Ne4 Ncb4
16.Nd4 Ba4 17.b3 Nxc2 18.Nxc2 Qa3+ 19.Kb1 Rxc2 20.Kxc2 Qxa2+ 21.Kd3 Qxb3+  0-1

[Event "Minsk"]
[Site "Minsk"]
[Date "1982.??.??"]
[Round "?"]
[White "Mochalov, Evgeny V"]
[Black "Yudasin, Leonid"]
[Result "0-1"]
[WhiteElo "2435"]
[BlackElo "2405"]

1.d4 Nf6 2.c4 e6 3.g3 d5 4.Bg2 Be7 5.Nf3 O-O 6.O-O b6 7.Nc3 Bb7 8.Ne5 Na6
9.a3 c5 10.cxd5 exd5 11.Be3 Nc7 12.Rc1 Ne6 13.dxc5 bxc5 14.Na4 Qb8 15.Qb3 Rc8
16.Rfd1 Rc7 17.Bh3 Bd6 18.Ng4 Nd7 19.Rxd5 Bxd5 20.Qxd5 Qf8 21.Rd1 Be7 22.Ne5 Nxe5
23.Qxe5 Bf6 24.Qe4 Nd4 25.Bxd4 cxd4 26.b4 Qe8 27.Bg2 Rd8 28.Nc5 Re7 29.Qf3 Rxe2
30.Ne4 d3 31.Nxf6+ gxf6 32.Bf1 Re1 33.Rxd3 Rxd3 34.Qxd3 Qe4 35.Qxe4 Rxe4
36.Kg2 Re1 37.Bb5 Ra1 38.Bc6 Rxa3 39.b5 Rb3 40.Kh3 Rb2 41.f3 Kf8 42.g4 Ke7
43.Kg3 Kd6 44.Be8 Kc5 45.h4 Rxb5 46.Bxf7 Kd6 47.f4 h6  0-1

[Event "Minsk"]
[Site "Minsk"]
[Date "1982.??.??"]
[Round "?"]
[White "Rodriguez, Amador"]
[Black "Yudasin, Leonid"]
[Result "0-1"]
[WhiteElo "2485"]
[BlackElo "2405"]

1.d4 Nf6 2.c4 e6 3.Nf3 b6 4.a3 Bb7 5.Nc3 d5 6.cxd5 exd5 7.g3 Be7 8.Bg2 O-O
9.O-O c5 10.Qc2 Qc8 11.Rd1 Rd8 12.Bf4 Na6 13.Rac1 Nc7 14.Be5 Ne6 15.Bh3 Qc6
16.b4 Ne4 17.Qb1 Nxc3 18.Rxc3 c4 19.b5 Qd7 20.Bf4 Nxf4 21.Bxd7 Nxe2+ 22.Kg2 Nxc3
23.Qc1 Nxd1 24.Bf5 g6 25.Bb1 a6 26.Qxd1 axb5 27.h4 Rxa3 28.h5 b4 29.Ne5 b5
30.hxg6 fxg6 31.f4 Bf6 32.Bxg6 hxg6 33.Qg4 Bxe5 34.Qe6+ Kf8 35.Qxe5 Rd7 36.Qf6+ Rf7
37.Qh8+ Ke7 38.Qb8 Bc6 39.Qc7+ Bd7 40.Qe5+ Be6 41.Qc7+ Kf8 42.Qe5 Ra6 43.Qb8+ Kg7
44.Qxb5 Ra2+ 45.Kf3 b3  0-1

[Event "Minsk"]
[Site "Minsk"]
[Date "1982.??.??"]
[Round "?"]
[White "Yudasin, Leonid"]
[Black "Inkiov, Ventzislav"]
[Result "0-1"]
[WhiteElo "2405"]
[BlackElo "2495"]

1.e4 e5 2.Nf3 Nc6 3.Bb5 f5 4.d3 fxe4 5.dxe4 Nf6 6.O-O Bc5 7.Nc3 O-O 8.a3 d6
9.Na4 Bb6 10.Nxb6 axb6 11.c3 Kh8 12.Re1 Qe8 13.Nd2 Qg6 14.Qf3 Bg4 15.Qe3 Nh5
16.Bf1 Rf6 17.Kh1 Raf8 18.f3 Be6 19.g3 Nxg3+ 20.hxg3 Qxg3 21.Bg2 Rh6+ 22.Kg1 Rh2  0-1

[Event "Minsk"]
[Site "Minsk"]
[Date "1982.??.??"]
[Round "?"]
[White "Yudasin, Leonid"]
[Black "Kupreichik, Viktor D"]
[Result "1/2-1/2"]
[WhiteElo "2405"]
[BlackElo "2570"]

1.e4 e5 2.Nf3 Nc6 3.Bc4 Nf6 4.d3 Be7 5.O-O O-O 6.Bb3 a5 7.c3 d5 8.Nbd2 Be6
9.Re1 dxe4 10.dxe4 Qc8 11.a4 Bc5 12.Nc4 Bg4 13.Bg5 Nd7 14.Ne3 Bh5 15.Nf5 Kh8
16.Ng3 Bg6 17.Nh4 Ra6 18.Bc4 Rb6 19.Bb5 h6 20.Bc1 Nf6 21.Nhf5 Ne7 22.Be3 Nxf5
23.Bxc5 Nxg3 24.Bxb6 Rd8 25.Qb3 Ngxe4 26.Be3 Ng4 27.Bf1 b6 28.Qb5 f6 29.Qe2 Nxe3
30.Qxe3 Nc5 31.Bc4 Qg4 32.Be2 Qe6 33.Red1 Rf8 34.b4 Nb3 35.Ra3 Bc2 36.Re1 Rd8
37.h3 c5 38.bxa5 Nxa5 39.Qc1 Bb3 40.Ra1 Qd7 41.Bd1  1/2-1/2

[Event "Minsk"]
[Site "Minsk"]
[Date "1982.??.??"]
[Round "?"]
[White "Yudasin, Leonid"]
[Black "Rivas Pastor, Manuel"]
[Result "1-0"]
[WhiteElo "2405"]
[BlackElo "2470"]

1.e4 e5 2.Nf3 Nc6 3.Bc4 Nf6 4.d3 Be7 5.O-O O-O 6.Bb3 d6 7.c3 Bg4 8.h3 Bh5
9.Nbd2 Nd7 10.Bc2 Bg6 11.g4 Re8 12.Nc4 Nf8 13.Ne3 Ne6 14.Kh2 Nf4 15.Nf5 d5
16.Nxe5 Bg5 17.Nxc6 bxc6 18.Qf3 Bxf5 19.Bxf4 Bg6 20.Rfe1 Qf6 21.Kg3 dxe4
22.dxe4 Rab8 23.Bb3 Re7 24.Bxg5 Qxg5 25.h4 Qe5+ 26.Qf4 h5 27.Qxe5 Rxe5 28.gxh5 Bxh5
29.Kf4 Re7 30.f3 c5 31.Re2 Rb6 32.e5 Kh7 33.Rg1 Kh6 34.Rd2 f6 35.e6 Be8 36.Rgd1 Bb5
37.Rd7 Re8 38.Rd8 Rb8 39.e7 g5+ 40.hxg5+ fxg5+ 41.Kg3 c4  1-0

[Event "Lvov"]
[Site "Lvov"]
[Date "1983.??.??"]
[Round "?"]
[White "Pirttimaki, Timo"]
[Black "Yudasin, Leonid"]
[Result "0-1"]
[WhiteElo "2360"]
[BlackElo "2500"]

1.e4 c5 2.Nf3 d6 3.d4 cxd4 4.Nxd4 Nf6 5.Nc3 Nc6 6.Be2 e5 7.Nf3 h6 8.O-O Be7
9.b3 O-O 10.Bb2 a6 11.a4 Be6 12.Re1 Rc8 13.Nd2 Nd4 14.Bc4 Re8 15.Rc1 Qa5
16.Ne2 Nc6 17.Bxe6 fxe6 18.c4 Qb6 19.Ng3 Rf8 20.Re3 Rf7 21.h3 Rcf8 22.Nf3 Nd7
23.Rc2 Nc5 24.Rd2 Qb4 25.Ne2 b5 26.axb5 axb5 27.cxb5 Qxb5 28.Nc1 Rc8 29.Ba3 Ra8
30.Bxc5 Qxc5 31.Rc2 Qb6 32.Rc4 Na5 33.Ra4 Rc8 34.Qd2 Bd8 35.Kh2 Qc6 36.Ne2 Nxb3
37.Qa2 Nc5 38.Rc4 Bb6 39.Ng3 Qb5 40.Rec3 Re8 41.Rc1 Ra7 42.Qc2 Rea8 43.Rb1 Qc6
44.Rcb4 Bc7 45.Qe2 Ra2 46.R4b2 Rxb2 47.Rxb2 Qa6 48.Rc2 Qxe2 49.Nxe2 Ba5 50.Nxe5 Nxe4
51.Nc6 Bb6 52.f3 Nf6 53.Rb2 Nd7 54.Nc3 Kf7 55.Ne4 d5 56.Nd6+ Kf6 57.g3 Bc5
58.Nb7 Rc8 59.Nxc5 Nxc5 60.Rb6 Ra8 61.Nb4 d4 62.Rd6 Ke5 63.Rc6 Ra5 64.Kg2 Rb5
65.Kf1 Rxb4 66.Rxc5+ Kd6 67.Rc8 Rb2 68.h4 Kd5 69.h5 d3 70.Rd8+ Kc4 71.f4 Rh2
72.Ke1 Rxh5 73.Kd2 Rh2+ 74.Kd1 Rg2 75.Rd6 Rxg3 76.Rxe6 Kc3 77.Rc6+ Kd4 78.Re6 h5  0-1

[Event "Lvov"]
[Site "Lvov"]
[Date "1983.??.??"]
[Round "?"]
[White "Karsa, Laszlo"]
[Black "Yudasin, Leonid"]
[Result "1-0"]
[WhiteElo "2460"]
[BlackElo "2500"]

1.Nf3 Nf6 2.c4 e6 3.e3 b6 4.b3 Bb7 5.Bb2 c5 6.Nc3 Be7 7.d4 cxd4 8.Qxd4 O-O
9.Be2 d5 10.cxd5 exd5 11.O-O Nbd7 12.Rfd1 Re8 13.Bb5 Bf8 14.Rac1 Re6 15.Qh4 a6
16.Bxd7 Qxd7 17.Ng5 Rd6 18.Ba3 h6 19.Nf3 Re6 20.Bxf8 Rxf8 21.Qf4 Rfe8 22.Na4 Rc6
23.Rxc6 Bxc6 24.Nxb6 Qb7 25.Qd4 Re6 26.Rc1 Ne4 27.Na4 Bxa4 28.Qxa4 Rf6 29.Qe8+ Kh7
30.Rc8 Qb4 31.Qh8+ Kg6 32.Rg8 Ng5 33.Qxg7+ Kf5 34.Nd4+ Ke4 35.Nc2 Qc3 36.h4 Nh3+
37.Kh2 Nxf2 38.Qh7+ Ke5 39.Re8+ Kd6 40.Qg8 Re6 41.Qf8+ Ke5 42.Qg7+ f6 43.Qg3+  1-0

[Event "Lvov"]
[Site "Lvov"]
[Date "1983.??.??"]
[Round "?"]
[White "Yudasin, Leonid"]
[Black "Chekhov, Valery A"]
[Result "0-1"]
[WhiteElo "2500"]
[BlackElo "2510"]

1.e4 c5 2.Nf3 Nc6 3.d4 cxd4 4.Nxd4 e6 5.Nb5 d6 6.c4 Nf6 7.N1c3 a6 8.Na3 Be7
9.Be2 O-O 10.O-O b6 11.Be3 Ne5 12.f3 Bb7 13.Qe1 Re8 14.Qf2 Ned7 15.Rfd1 Rc8
16.Rac1 Qc7 17.Bf1 Qb8 18.Kh1 Bd8 19.Rc2 Bc7 20.Rcd2 Kh8 21.Qh4 Bd8 22.Qh3 Bc7
23.g4 Ne5 24.g5 Nfd7 25.Qg3 f5 26.f4 Ng6 27.Bg2 fxe4 28.Nxe4 Nc5 29.Nxc5 bxc5
30.Nb1 Bd8 31.Nc3 Ne7 32.Bxb7 Qxb7+ 33.Qg2 Qb4 34.Qe2 d5 35.Bf2 d4 36.Ne4 Nf5
37.b3 Qb7 38.Qf3 e5  0-1

[Event "Lvov"]
[Site "Lvov"]
[Date "1983.??.??"]
[Round "?"]
[White "Yudasin, Leonid"]
[Black "Kholmov, Ratmir D"]
[Result "1/2-1/2"]
[WhiteElo "2500"]
[BlackElo "2480"]

1.e4 e5 2.Nf3 Nf6 3.Nxe5 d6 4.Nf3 Nxe4 5.d4 d5 6.Bd3 Nc6 7.O-O Be7 8.Re1 Bf5
9.c4 O-O 10.Nc3 Nxc3 11.bxc3 Bxd3 12.Qxd3 dxc4 13.Qxc4 Bd6 14.Qb5 Rb8 15.Rb1 a6
16.Qd3 Re8 17.Be3 h6 18.c4 b6 19.Red1 Qf6 20.Kf1  1/2-1/2

[Event "Lvov"]
[Site "Lvov"]
[Date "1983.??.??"]
[Round "?"]
[White "Yudasin, Leonid"]
[Black "Mikhalchishin, Adrian"]
[Result "1-0"]
[WhiteElo "2500"]
[BlackElo "2465"]

1.e4 e5 2.Nf3 Nc6 3.Bc4 Nf6 4.d3 h6 5.O-O d6 6.c3 g6 7.Re1 Bg7 8.Bb3 O-O
9.Nbd2 Re8 10.h3 d5 11.exd5 Nxd5 12.d4 Nb6 13.Nxe5 Nxe5 14.dxe5 Rxe5 15.Rxe5 Bxe5
16.Qf3 Qe7 17.Qe3 g5 18.h4 Bd6 19.Ne4 Bf4 20.Qf3 Bg4 21.Qxg4 Qxe4 22.g3 Qe1+
23.Kg2 Bxc1 24.Qf5 gxh4 25.Qxf7+ Kh8 26.Bc2  1-0

[Event "Lvov"]
[Site "Lvov"]
[Date "1983.??.??"]
[Round "?"]
[White "Yudasin, Leonid"]
[Black "Paehtz, Thomas Sr"]
[Result "1-0"]
[WhiteElo "2500"]
[BlackElo "2395"]

1.e4 e6 2.d3 d5 3.Nd2 Nf6 4.Ngf3 Be7 5.g3 dxe4 6.dxe4 b6 7.Bg2 Ba6 8.e5 Ng4
9.h3 Nh6 10.c4 Bb7 11.O-O c5 12.g4 Qd3 13.Re1 Nc6 14.Ne4 Qxc4 15.Bg5 O-O
16.Nf6+ Bxf6 17.exf6 Rfd8 18.Nd2 Qb4 19.Qc1 Nxg4 20.Ne4 Nge5 21.fxg7 f5 22.Bxd8 fxe4
23.Bf6 Nd3 24.Qh6 Nxe1 25.Bc3 Qc4 26.Rxe1 Nd4 27.Bxd4 cxd4 28.Rc1 Qd5 29.Rc7 d3
30.Qf6 Qf5 31.Qxf5 exf5 32.Rxb7 Rd8 33.Bf1 d2 34.Bc4+  1-0

[Event "Lvov"]
[Site "Lvov"]
[Date "1983.??.??"]
[Round "?"]
[White "Yudasin, Leonid"]
[Black "Sveshnikov, Evgeny"]
[Result "1/2-1/2"]
[WhiteElo "2500"]
[BlackElo "2505"]

1.e4 c5 2.Nf3 e6 3.d3 Nc6 4.g3 Nf6 5.Bg2 Be7 6.O-O O-O 7.Re1 d6 8.c3 Bd7
9.Nbd2 Rc8 10.a3 b5 11.b4 cxb4 12.axb4 a5 13.bxa5 Nxa5 14.Ba3 Re8 15.Qb1 Nc6
16.Qb2 Rb8 17.d4 Bf8 18.e5 b4 19.cxb4 dxe5 20.dxe5 Nd5 21.Re4 Ncxb4 22.Nc4 Ba4
23.Qc1 Bc2 24.Rd4 Bg6 25.Ne3 Rc8 26.Qe1 Nc2  1/2-1/2

[Event "Lvov"]
[Site "Lvov"]
[Date "1983.??.??"]
[Round "?"]
[White "Donchev, Dimitar I"]
[Black "Yudasin, Leonid"]
[Result "0-1"]
[WhiteElo "2450"]
[BlackElo "2500"]

1.e4 c5 2.Nf3 d6 3.d4 cxd4 4.Nxd4 Nf6 5.Nc3 a6 6.Bc4 e6 7.Bb3 Nc6 8.Be3 Be7
9.Qe2 Qc7 10.O-O-O O-O 11.g4 Nd7 12.g5 Nc5 13.Rhg1 b5 14.Nxc6 Nxb3+ 15.axb3 Qxc6
16.Qh5 b4 17.Rd4 bxc3 18.e5 Bb7 19.Rh4 h6 20.exd6 cxb2+ 21.Kb1 Rac8 22.Rc4 Qxd6
23.gxh6 Rxc4 24.hxg7 Rh4  0-1

[Event "Nikolaev"]
[Site "Nikolaev"]
[Date "1983.??.??"]
[Round "?"]
[White "Mikhalchishin, Adrian"]
[Black "Yudasin, Leonid"]
[Result "1-0"]
[WhiteElo "2465"]
[BlackElo "2500"]

1.e4 c5 2.Nf3 d6 3.d4 cxd4 4.Nxd4 Nf6 5.Nc3 Nc6 6.Bg5 e6 7.Qd2 Be7 8.O-O-O O-O
9.f4 Nxd4 10.Qxd4 Qa5 11.Bc4 Bd7 12.e5 dxe5 13.fxe5 Bc6 14.Bd2 Nd7 15.Nd5 Qd8
16.Nxe7+ Qxe7 17.Rhe1 Nb6 18.Bb3 Rfd8 19.Qg4 Qc5 20.Bh6 Rxd1+ 21.Kxd1 Qf8
22.c3 Nd7 23.Kc1 a5 24.Bc2 a4 25.Re3 Kh8 26.Bg5 Ra5 27.Rh3 h6 28.Bxh6 gxh6
29.Qf4 Nxe5 30.Rxh6+ Kg8 31.Bh7+ Kh8 32.Qf6+  1-0

[Event "Trnava"]
[Site "Trnava"]
[Date "1983.??.??"]
[Round "?"]
[White "Ftacnik, Lubomir"]
[Black "Yudasin, Leonid"]
[Result "1/2-1/2"]
[WhiteElo "2560"]
[BlackElo "2500"]

1.d4 d5 2.c4 c6 3.cxd5 cxd5 4.Nc3 Nc6 5.Nf3 Nf6 6.Bf4 Bf5 7.e3 e6 8.Bd3 Bxd3
9.Qxd3 Bd6 10.Bxd6 Qxd6 11.O-O O-O 12.Rac1 Rac8 13.a3  1/2-1/2

[Event "Trnava"]
[Site "Trnava"]
[Date "1983.??.??"]
[Round "?"]
[White "Yudasin, Leonid"]
[Black "Vaisser, Anatoli"]
[Result "1/2-1/2"]
[WhiteElo "2500"]
[BlackElo "2485"]

1.c4 e6 2.Nc3 d5 3.cxd5 exd5 4.d4 c6 5.Bf4 Be7 6.e3 Bf5 7.g4 Be6 8.h4 Bxh4
9.Qb3 g5 10.Bh2 Qb6 11.Nf3 Qxb3 12.axb3 Bxg4 13.Nxh4 gxh4  1/2-1/2

[Event "Trnava"]
[Site "Trnava"]
[Date "1983.??.??"]
[Round "?"]
[White "Yudasin, Leonid"]
[Black "Ruckschloss, Karol"]
[Result "1-0"]
[WhiteElo "2500"]
[BlackElo "2385"]

1.e4 e5 2.Nf3 Nc6 3.Bc4 Bc5 4.c3 Qf6 5.O-O d6 6.d3 h6 7.b4 Bb6 8.a4 a5 9.b5 Nd8
10.Be3 Bg4 11.Nbd2 Ne7 12.h3 Bxf3 13.Nxf3 Ne6 14.Qd2 Nc5 15.Nh2 g5 16.Rfe1 O-O-O
17.Qa2 h5 18.d4 Nd7 19.Bxf7 exd4 20.cxd4 Bxd4 21.Bxd4 Qxd4 22.Rad1 Qg7 23.Be6 Ng6
24.b6 Ne5 25.Qd5 Qe7 26.bxc7 Kxc7 27.Qxa5+ Kb8 28.Bf5 g4 29.Rd5 Nc5 30.Qd2 Rhg8
31.a5 gxh3 32.Bxh3 Kc7 33.f4 Nc4  1-0

[Event "Trnava"]
[Site "Trnava"]
[Date "1983.??.??"]
[Round "?"]
[White "Yudasin, Leonid"]
[Black "Plachetka, Jan"]
[Result "1-0"]
[WhiteElo "2500"]
[BlackElo "2455"]

1.e4 e5 2.Nf3 Nc6 3.Bb5 a6 4.Ba4 Nf6 5.O-O Be7 6.Re1 b5 7.Bb3 O-O 8.a4 b4
9.c3 d5 10.exd5 e4 11.dxc6 exf3 12.d4 fxg2 13.Bg5 Re8 14.Qf3 Bg4 15.Qxg2 Bf5
16.Nd2 bxc3 17.bxc3 Rb8 18.Re5 Bg6 19.Rae1 Kf8 20.h4 Ng8 21.Qf3 f6 22.h5 Bxh5
23.Qxh5 Rxb3 24.Nxb3 fxe5 25.Nc5  1-0

[Event "Trnava"]
[Site "Trnava"]
[Date "1983.??.??"]
[Round "?"]
[White "Yudasin, Leonid"]
[Black "Ornstein, Axel"]
[Result "1-0"]
[WhiteElo "2500"]
[BlackElo "2450"]

1.e4 e6 2.d4 d5 3.Nd2 c5 4.exd5 Qxd5 5.Ngf3 cxd4 6.Bc4 Qd6 7.O-O Nf6 8.Nb3 Nc6
9.Nbxd4 Nxd4 10.Nxd4 a6 11.Bb3 Qc7 12.Qf3 Bd6 13.h3 O-O 14.Bg5 b5 15.Bxf6 gxf6
16.Qxf6 Be5 17.Qh4 Bb7 18.c3 Kh8 19.f4 Rg8 20.Rf2 Bxd4 21.cxd4 Rg6 22.f5 exf5
23.d5 Re8 24.Rd1 Re4 25.Qh5 Bc8 26.Qf3 Bd7 27.Kh1 Qe5 28.Bc2 Rg3 29.Bxe4 Rxf3
30.Bxf3 Qd6 31.Rdd2 Kg7 32.Bd1 Qe5 33.d6 Qe1+ 34.Kh2 Qe5+ 35.g3 Bc6 36.Rfe2  1-0

[Event "Trnava"]
[Site "Trnava"]
[Date "1983.??.??"]
[Round "?"]
[White "Yudasin, Leonid"]
[Black "Knezevic, Milorad"]
[Result "1/2-1/2"]
[WhiteElo "2500"]
[BlackElo "2440"]

1.e4 e5 2.Nf3 Nc6 3.Bc4 Bc5 4.d3 Nf6 5.O-O d6 6.c3 O-O 7.Bb3 a6 8.Re1 Ba7
9.h3 Ne7 10.Nbd2 Ng6 11.Nf1 h6 12.d4 Re8 13.Ng3 c6 14.Bc2 Qc7 15.Be3 Be6
16.Qd2 Kh7 17.Nf5 Bxf5 18.exf5 Nf8 19.dxe5 Bxe3 20.Qxe3 dxe5 21.Nxe5 N6d7
22.f6+ Ng6 23.f4 gxf6  1/2-1/2

[Event "Trnava"]
[Site "Trnava"]
[Date "1983.??.??"]
[Round "?"]
[White "Vogt, Lothar"]
[Black "Yudasin, Leonid"]
[Result "1-0"]
[WhiteElo "2510"]
[BlackElo "2500"]

1.e4 c5 2.Nf3 d6 3.d4 cxd4 4.Nxd4 Nf6 5.Nc3 Nc6 6.Bg5 e6 7.Qd2 Be7 8.O-O-O O-O
9.f4 Nxd4 10.Qxd4 Qa5 11.Bc4 Bd7 12.e5 dxe5 13.fxe5 Bc6 14.h4 Rfd8 15.Qf4 Nh5
16.Qg4 Bxg5+ 17.Qxg5 g6 18.Be2 h6 19.Qe3 Ng7 20.Bd3 h5 21.Rhg1 Qb6 22.Qxb6 axb6
23.g3 Rd4 24.Rde1 Ra5 25.a3 Nf5 26.Bxf5 gxf5 27.Re3 Kf8 28.Rf1 Be4 29.Ne2 Rc4
30.c3 Rxe5 31.Nf4 Ke7 32.Nxh5 Rd5 33.Nf4 Rd8 34.Rd1 e5 35.Nh3 Rxd1+ 36.Kxd1 f6
37.Nf2 Bg2 38.Nd3 Kf7 39.Rxe5 Be4 40.Ke2 Rc7 41.Rb5  1-0

[Event "Trnava"]
[Site "Trnava"]
[Date "1983.??.??"]
[Round "?"]
[White "Schmidt, Wlodzimierz"]
[Black "Yudasin, Leonid"]
[Result "1/2-1/2"]
[WhiteElo "2450"]
[BlackElo "2500"]

1.d4 Nf6 2.c4 e6 3.Nf3 b6 4.a3 d5 5.Nc3 Bb7 6.cxd5 exd5 7.g3 Be7 8.Qa4+ Qd7
9.Qxd7+ Nbxd7 10.Nb5 O-O 11.Nxc7 Rac8 12.Nb5 Ne4 13.Nd2 Ndf6 14.Nxe4  1/2-1/2

[Event "Trnava"]
[Site "Trnava"]
[Date "1983.??.??"]
[Round "?"]
[White "Lechtynsky, Jiri"]
[Black "Yudasin, Leonid"]
[Result "1/2-1/2"]
[WhiteElo "2480"]
[BlackElo "2500"]

1.Nf3 Nf6 2.d4 e6 3.Bg5 c5 4.c3 cxd4 5.cxd4 Qa5+ 6.Bd2 Qb6 7.Nc3 Nc6 8.e3 d5
9.a3 Bd6 10.Be2 O-O 11.O-O a6 12.Rc1 Re8 13.b4 Ne4 14.Nxe4 dxe4 15.Ng5 f5
16.Bc4 h6 17.Qh5 Re7 18.Nxe6 Bxe6 19.Bxe6+ Rxe6 20.d5 Rf6 21.dxc6 bxc6 22.Bc3 Rf7
23.Bd4 Qc7  1/2-1/2

[Event "Yerevan op"]
[Site "Yerevan"]
[Date "1983.??.??"]
[Round "1"]
[White "Shnaider, David"]
[Black "Yudasin, Leonid"]
[Result "0-1"]
[WhiteElo "2200"]
[BlackElo "2500"]

1.e4 c5 2.Nf3 d6 3.d4 cxd4 4.Nxd4 Nf6 5.f3 e6 6.c4 Be7 7.Nc3 O-O 8.Be2 b6
9.O-O Bb7 10.Be3 a6 11.Qd2 Nbd7 12.Rfd1 Rc8 13.Rac1 Qc7 14.Bf1 Qb8 15.b3 Rfe8
16.Kh1 Kh8 17.Bg1 Bd8 18.Nc2 Bc7 19.Ne3 Rg8 20.Rc2 Ne5 21.Qf2 g5 22.h3 Rg6
23.Bh2 h5 24.f4 gxf4 25.Bxf4 Kg7 26.Bxe5 dxe5 27.Qh4 Bd8 28.Kg1 b5 29.Rxd8 Rxd8
30.cxb5 axb5 31.Bxb5 Rd4 32.Rf2 Qc7 33.Bc4  0-1

[Event "Yerevan op"]
[Site "Yerevan"]
[Date "1983.??.??"]
[Round "2"]
[White "Yudasin, Leonid"]
[Black "Shkljaev"]
[Result "1-0"]
[WhiteElo "2500"]
[BlackElo "2200"]

1.e4 e6 2.d3 d5 3.Nd2 Nf6 4.Ngf3 Nc6 5.c3 e5 6.Be2 g6 7.Qa4 Qe7 8.Qb3 dxe4
9.dxe4 Bg7 10.O-O O-O 11.Re1 b6 12.Qc2 Nb8 13.a4 a5 14.b4 Rd8 15.bxa5 bxa5
16.Ba3 Qe8 17.Bb5 Bd7 18.Rab1 Nc6 19.Nc4 Nh5 20.Red1 Qe6 21.Rxd7 Rxd7 22.Bxc6 Qxc6
23.Ncxe5 Qe6 24.Nxd7 Qxd7 25.Nd4 Re8 26.Rd1 Qc8 27.f3 Qa6 28.Qb3 c6 29.g3 Be5
30.Bc5 Rb8 31.Qa2 Nf6 32.Ne6 Qb7 33.Qc4 Nd7 34.f4 Bf6 35.e5 Nb6 36.Qd4 Be7
37.Rb1 fxe6 38.Bxe7 Qxe7 39.Rxb6 Rd8 40.Qe4 Rd1+ 41.Kg2 Rd2+ 42.Kf3  1-0